LEADER 01618nam a2200325 u 4500 001 000000065421 003 CaOOAMICUS 005 20070226121450.0 008 011206s1985 cg u000 u fre u 035 $a10913033 040 $aPUL(R)$bita 100 1 $aTempels, Placide,$d1906-$0(OLS)http://pul/name/44065 245 10$aAux origines de la philosophie bantoue :$bla correspndance Tempels-Hulstaert (1944-48) /$ctraduit du néerlandais et annotée par François Bontinck. 260 $aKinshasa :$bFaculte de Theologie Catholique,$c1985. 300 $a209 p. ;$c24 cm 490 1 $aBibliothèque du Centre d'études des religions africaines ;$v10 500 $aComprende indici. 504 $aBibliografia in nota. 600 14$aTempels, Placide,$d1906-$xCorrispondenza.$0(OLS)http://pul/subject/24070 650 4$aBantu.$0(OLS)http://pul/subject/24071 650 4$aReligioni$zAfrica.$0(OLS)http://pul/subject/14545 700 1 $aBontinck, François,$cC.I.C.M.,$dn. 1920.$0(OLS)http://pul/name/44067 700 1 $aHulstaert, G.,$cM.S.C.$0(OLS)http://pul/name/44066 830 0$aBibliothèque du Centre d'études des religions africaines ;$v10.$0(OLS)http://pul/title/59275 850 $aPUL 852 $aPUL$W1$xSL Filosofia 1$y2$m91 G 56$j84709$nBK-PRI$b $qStampati$B84709$CPULBib$Z2$F84709 $H $81 941 1 $a8 961 $aINV: 53244 996 $6245$aAux origines de la philosophie bantoue :$bla correspndance Tempels-Hulstaert (1944-48)$9(OLS)http://pul/title/87029 996 $6260$aKinshasa :$bFaculte de Theologie Catholique$9(OLS)http://pul/publisher/60453 LEADER 01135nam a2200289 a 4500 001 000000152982 003 CaOOAMICUS 005 20160718150650.0 008 160718s2003 it u000 u ita u 020 $a88-14-13714-5 032 $aLibriCat 040 $aPUL$bita 100 1 $aBerlingò, Salvatore.$0(OLS)http://pul/name/23497 245 10$aCodice del diritto ecclesiastico /$cSalvatore Berlingò, Casuscelli Giuseppe. 250 $aQuarta edizione. 260 $aMilano :$bGiuffrè,$c©2003. 300 $aXVII, 862 p. ;$c17 cm. 500 $aIndice: p. [811]-862. 650 4$aDiritto ecclesiastico$xLegislazione.$0(OLS)http://pul/subject/40994 700 1 $aCasuscelli, Giuseppe.$0(OLS)http://pul/name/27321 850 $aPUL 852 $aPUL$W1$xDP1 Fondo G. Barberini$y122$m3 B 19$j115078$qFondi$B178532$CPULBib$Z2$F178532 $HBar1262 $81 941 1 $a1 996 $6020$a88-14-13714-5$9(OLS)http://pul/number/136732 996 $6245$aCodice del diritto ecclesiastico$9(OLS)http://pul/title/49223 996 $6260$aMilano :$bGiuffrè$9(OLS)http://pul/publisher/48401